[Event "Lazarevskoe op"]
[Site "Lazarevskoe"]
[Date "2014.06.19"]
[Round "?"]
[White "Bukanov, Sergei"]
[Black "Zakaryan, David"]
[Result "1/2-1/2"]
[WhiteElo "2296"]
[BlackElo "2191"]
[PlyCount "115"]
[EventDate "2014.06.14"]
[EventType "swiss"]
[EventRounds "9"]
[EventCountry "RUS"]
[SourceTitle "EXT 2015"]
[Source "ChessBase"]
[SourceDate "2014.11.20"]
[SourceVersion "1"]
[SourceVersionDate "2014.11.20"]
[SourceQuality "1"]

1. b3 e5 2. Bb2 d6 3. e3 g6 4. d4 Bg7 5. Nf3 Nc6 6. dxe5 Nge7 7. c4 0-0 8. Nc3 dxe5 9. Nb5 Bf5 10. Be2 Qc8 11. 0-0 Rd8 12. Qe1 a6 13. Nc3 Nb4 14. e4 Bg4 15. Rd1 Bxf3 16. Bxf3 Nc2 17. Rxd8+ Qxd8 18. Qd1 Nd4 19. Nd5 c6 20. Nxe7+ Qxe7 21. Bxd4 exd4 22. Qd3 a5 23. Rd1 Qa3 24. Qc2 Rd8 25. Be2 a4 26. Rb1 axb3 27. Qxb3 Qxb3 28. Rxb3 Rd7 29. Kf1 Kf8 30. Ke1 Ke7 31. Kd2 Kd6 32. Kd3 Kc5 33. Ra3 b5 34. cxb5 Kxb5 35. Ra8 Be5 36. Kc2+ Kb6 37. g3 f5 38. exf5 gxf5 39. Rf8 f4 40. gxf4 Bd6 41. Rf6 Bc5 42. Bc4 Rd6 43. Rxd6 Bxd6 44. Kd3 Bxf4 45. h3 Bd6 46. Ke4 Kc5 47. Bd3 Kb4 48. Kxd4 Bc5+ 49. Ke5 Bxf2 50. Bxh7 c5 51. Ke4 c4 52. Bg8 Bh4 53. Be6 c3 54. Kd3 Bf6 55. Kc2 Ka3 56. Bb3 Bh8 57. h4 Bf6 58. h5 1/2-1/2